Príčiny vzniku a dôsledky dvojitého zdanenia
Vymedzenie dvojitého zdanenia. Základné teoretické východiská. Príčiny vzniku a dôsledky dvojitého zdanenia. Vzorové modely zmlúv o zamedzení dvojitého zdanenia.
Uložené v:
| Hlavný autor: | |
|---|---|
| Ďalší autori: | |
| Médium: | Kapitola |
| Jazyk: | Slovak |
| Predmet: | |
| Tagy: |
Žiadne tagy, Buďte prvý, kto otaguje tento záznam!
|
MARC
| LEADER | 00000nla a2200000 4500 | ||
|---|---|---|---|
| 001 | 0238175 | ||
| 005 | 20240502073842.5 | ||
| 041 | 0 | |a slo | |
| 044 | |a SK | ||
| 245 | 1 | 0 | |a Príčiny vzniku a dôsledky dvojitého zdanenia |c Adela Feranecová, Peter Remiáš |
| 520 | |a Vymedzenie dvojitého zdanenia. Základné teoretické východiská. Príčiny vzniku a dôsledky dvojitého zdanenia. Vzorové modely zmlúv o zamedzení dvojitého zdanenia. | ||
| 610 | 2 | 0 | |a zdaňovanie |
| 610 | 2 | 0 | |a dane z príjmov |
| 610 | 2 | 0 | |a zdanenie dvojité |
| 610 | 2 | 0 | |a podnikanie medzinárodné |
| 610 | 2 | 0 | |a zmluvy medzinárodné |
| 610 | 2 | 0 | |a regulácia |
| 610 | 2 | 0 | |a organizácie medzinárodné |
| 610 | 2 | 0 | |a OECD |
| 100 | 1 | |a Feranecová, Adela, 1986- | |
| 700 | 1 | |a Remiáš, Peter | |